| 000 | 00360nam a2200145Ia 4500 | ||
|---|---|---|---|
| 008 | 230917s9999||||xx |||||||||||||| ||und|| | ||
| 040 |
_e61947 _aMAIN |
||
| 041 | _aEnglish | ||
| 082 | _a363.2 C152P | ||
| 100 | _aCampbell, Don | ||
| 245 | 0 | _aPolice: the exercise of power | |
| 260 |
_aEstover _bMcDonald & Evans _c1978 |
||
| 300 | _aix, 107 p. | ||
| 942 | _cBK | ||
| 999 |
_c204747 _d204747 |
||